История и философия науки. Математика: учебное пособие для бакалавриата и магистратуры

Opis bibliograficzny
1. autor: Светлов В. А. Виктор Александрович
Streszczenie:В учебном пособии проанализированы ведущие программы обоснования философии XX века. В нем излагается общий подход к проблеме обоснования математики, объясняется, почему ни одна из анализируемых программ не может считаться удовлетворительной в полной мере.
Język:rosyjski
Wydane: Москва, Юрайт, 2019
Wydanie:2-е изд., испр. и доп.
Seria:Бакалавр и магистр. Академический курс
Hasła przedmiotowe:
Format: Książka
KOHA link:https://koha.lib.tpu.ru/cgi-bin/koha/opac-detail.pl?biblionumber=342573

MARC

LEADER 00000nam0a2200000 4500
001 342573
005 20231102005452.0
010 |a 9785534030907 
035 |a (RuTPU)RU\TPU\book\371696 
090 |a 342573 
100 |a 20190318d2019 m y0rusy50 ca 
101 0 |a rus 
102 |a RU 
105 |a a j 001zy 
200 1 |a История и философия науки. Математика  |e учебное пособие для бакалавриата и магистратуры  |f В. А. Светлов 
205 |a 2-е изд., испр. и доп. 
210 |a Москва  |c Юрайт  |d 2019 
215 |a 209 с.  |c ил. 
225 1 |a Бакалавр и магистр. Академический курс 
320 |a Библиогр.: с. 161-163 
330 |a В учебном пособии проанализированы ведущие программы обоснования философии XX века. В нем излагается общий подход к проблеме обоснования математики, объясняется, почему ни одна из анализируемых программ не может считаться удовлетворительной в полной мере. 
606 1 |a Математика  |x История  |2 stltpush  |3 (RuTPU)RU\TPU\subj\67385  |9 83209 
606 1 |a Математика  |x Философские проблемы  |2 stltpush  |3 (RuTPU)RU\TPU\subj\41191  |9 61003 
610 1 |a учебные пособия 
610 1 |a философия 
610 1 |a логицизм 
610 1 |a логически очевидные конструкции 
610 1 |a интуиционизм 
610 1 |a конструктивизм 
610 1 |a интуитивно очевидные конструкции 
610 1 |a алгорифмически очевидные конструкции 
610 1 |a формализм 
610 1 |a формально непротиворечивые конструкции 
610 1 |a символическая логика 
675 |a 51(09)(075.8)  |v 4 
675 |a 51:1(075.8)  |v 4 
700 1 |a Светлов  |b В. А.  |g Виктор Александрович 
801 1 |a RU  |b 63413507  |c 20190318 
801 2 |a RU  |b 63413507  |c 20190626  |g RCR 
942 |c BK 
959 |a 2/20190315  |d 1  |e 439,00  |f ЧЗГЛ:1